000 00245nam a2200097Ia 4500
005 20251222114407.0
008 251222s1900||||xx |||||||||||||| ||spa||
082 _aDVD0070/B33/2010/Ej.3
245 0 _aOf Gods and Men:De dioses y hombres
942 _cDVD
999 _c1871
_d1871